[Event "San Cristobal de La Laguna rapid op"]
[Site "San Cristobal de La Laguna"]
[Date "2024.09.01"]
[Round "9"]
[White "Bolivar Castro, Alejandro"]
[Black "Perez Perez, Alejandro"]
[Result "0-1"]
[WhiteElo "1862"]
[BlackElo "1927"]
[PlyCount "72"]
[EventDate "2024.08.31"]
[EventType "swiss"]
[EventRounds "9"]
[EventCountry "ESP"]
[SourceTitle "EXT 2025"]
[Source "ChessBase"]
[SourceDate "2024.10.14"]
[SourceVersion "1"]
[SourceVersionDate "2024.10.14"]
[SourceQuality "1"]

1. d4 f5 2. Bf4 Nf6 3. e3 e6 4. c4 b6 5. Nc3 Bb7 6. Nf3 Bb4 7. Bd3 Bxc3+ 8. bxc3 d6 9. 0-0 0-0 10. Nd2 Qe7 11. Bg5 Nbd7 12. e4 h6 13. Bxf6 Qxf6 14. f3 Qg5 15. Qe2 f4 16. a4 a5 17. Rab1 Rae8 18. Nb3 h5 19. Qf2 Ba6 20. Qe2 h4 21. Kh1 Rf6 22. Rg1 Rh6 23. Rbe1 Nf6 24. Nd2 Nh5 25. Nf1 Ng3+ 26. Nxg3 hxg3 27. h3 e5 28. Rb1 Bc8 29. Rgc1 Bxh3 30. gxh3 Rxh3+ 31. Kg1 Qh4 32. Qg2 Rh2 33. Rb2 Rxg2+ 34. Rxg2 Re6 35. Rcc2 Rh6 36. Kf1 Qh1+ 0-1

[Event "La Palma Island op"]
[Site "Santa Cruz de La Palma"]
[Date "2024.08.07"]
[Round "8"]
[White "Forgas Moreno, Yaniela"]
[Black "Perez Perez, Alejandro"]
[Result "1-0"]
[WhiteElo "2217"]
[BlackElo "2021"]
[PlyCount "101"]
[EventDate "2024.08.02"]
[EventType "swiss"]
[EventRounds "10"]
[EventCountry "ESP"]
[SourceTitle "CBM 221 Extra"]
[Source "ChessBase"]
[SourceDate "2024.09.30"]
[SourceVersion "1"]
[SourceVersionDate "2024.09.30"]
[SourceQuality "1"]

1. e4 c5 2. Nc3 d6 3. g3 Nc6 4. Bg2 g6 5. d3 Bg7 6. Be3 e6 7. Qd2 Rb8 8. Nf3 Nd4 9. Bxd4 cxd4 10. Nb5 a6 11. Nbxd4 Ne7 12. 0-0 0-0 13. c3 b5 14. Rfe1 Bb7 15. Nc2 Nc6 16. d4 Na5 17. Qd3 Qc7 18. Rab1 Nc4 19. Nd2 Nb6 20. f4 Rbd8 21. Qe2 e5 22. fxe5 dxe5 23. Nf3 Rfe8 24. d5 f5 25. Ng5 Bc8 26. Bh3 Qe7 27. Ne6 Bxe6 28. dxe6 Qg5 29. Rbd1 Nc4 30. Rd5 Nd6 31. exf5 Nxf5 32. Rxd8 Rxd8 33. Rd1 Qe7 34. Bg2 Bf6 35. Nb4 Rxd1+ 36. Qxd1 Ne3 37. Qd7 Ng4 38. Qxe7 Bxe7 39. Nxa6 Kg7 40. Bc6 Kf6 41. Bxb5 Kxe6 42. Be2 Nf6 43. c4 Kd6 44. c5+ Kc6 45. b4 Ne8 46. a4 Kb7 47. Kg2 e4 48. Bc4 Bg5 49. b5 Bd2 50. Bd5+ Kc8 51. b6 1-0

[Event "La Palma Island op"]
[Site "Santa Cruz de La Palma"]
[Date "2024.08.06"]
[Round "7"]
[White "Perez Perez, Alejandro"]
[Black "Roeder, Mathias"]
[Result "1/2-1/2"]
[WhiteElo "2021"]
[BlackElo "2312"]
[PlyCount "36"]
[EventDate "2024.08.02"]
[EventType "swiss"]
[EventRounds "10"]
[EventCountry "ESP"]
[SourceTitle "CBM 221 Extra"]
[Source "ChessBase"]
[SourceDate "2024.09.30"]
[SourceVersion "1"]
[SourceVersionDate "2024.09.30"]
[SourceQuality "1"]

1. d4 d5 2. c4 e6 3. Nc3 Nf6 4. cxd5 exd5 5. Bg5 Be7 6. e3 h6 7. Bf4 0-0 8. Bd3 c5 9. dxc5 Bxc5 10. Nge2 Nc6 11. 0-0 a6 12. Rc1 Ba7 13. h3 Be6 14. Na4 Qe7 15. Bxa6 Rfd8 16. Bd3 d4 17. exd4 Nxd4 18. Bc7 Rd7 1/2-1/2

[Event "La Palma Island op"]
[Site "Santa Cruz de La Palma"]
[Date "2023.08.06"]
[Round "3"]
[White "Perez Perez, Alejandro"]
[Black "Klekowski, Maciej"]
[Result "0-1"]
[WhiteElo "1932"]
[BlackElo "2479"]
[PlyCount "68"]
[EventDate "2023.08.05"]
[EventType "swiss"]
[EventRounds "9"]
[EventCountry "ESP"]
[SourceTitle "CBM 215 Extra"]
[Source "ChessBase"]
[SourceDate "2023.09.30"]
[SourceVersion "1"]
[SourceVersionDate "2023.09.30"]
[SourceQuality "1"]

1. d4 d5 2. Bf4 Nf6 3. e3 c5 4. c3 Nc6 5. Nd2 Bf5 6. Qb3 Qc8 7. Ngf3 e6 8. Bb5 Be7 9. dxc5 Bxc5 10. Nd4 0-0 11. Nxf5 exf5 12. 0-0 a6 13. Be2 h6 14. h3 Re8 15. Rfe1 Qd7 16. Rad1 Re7 17. Qc2 g5 18. Bh2 Rae8 19. Nb3 Ba7 20. Nd4 Nxd4 21. exd4 f4 22. Kf1 Bb8 23. f3 Nh5 24. Bd3 Re3 25. Rxe3 fxe3 26. Bxb8 Rxb8 27. Re1 Re8 28. c4 Qd6 29. Ke2 dxc4 30. Bxc4 b5 31. Bd3 Qxd4 32. Rd1 Qh4 33. Bh7+ Kh8 34. Rd7 Qf2+ 0-1

[Event "Vecindario Montalvo Memorial 15th"]
[Site "Vecindario"]
[Date "2023.04.06"]
[Round "6"]
[White "Perez Perez, Alejandro"]
[Black "Damaso Tacoronte, Carolina"]
[Result "1/2-1/2"]
[WhiteElo "1989"]
[BlackElo "1798"]
[PlyCount "107"]
[EventDate "2023.04.02"]
[EventType "swiss"]
[EventRounds "9"]
[EventCountry "ESP"]
[SourceTitle "CBM 213 Extra"]
[Source "ChessBase"]
[SourceDate "2023.05.31"]
[SourceVersion "1"]
[SourceVersionDate "2023.05.31"]
[SourceQuality "1"]

1. d4 d5 2. Bf4 Nf6 3. e3 e6 4. Nf3 Bd6 5. Nbd2 Bxf4 6. exf4 Nbd7 7. Bd3 c5 8. c3 0-0 9. 0-0 Re8 10. Ne5 cxd4 11. cxd4 Qb6 12. Nb3 a5 13. a4 Qd6 14. Bb5 Rd8 15. Rc1 Nf8 16. Nc5 Ng6 17. g3 b6 18. Ncd3 Ne7 19. Nc6 Nxc6 20. Rxc6 Qb8 21. Qc2 Bd7 22. Rc7 Bxb5 23. axb5 Ne8 24. Rc6 Nd6 25. Qa4 f6 26. Re1 Kf7 27. Rec1 Ra7 28. Ne1 Re7 29. Ng2 Nc4 30. Qc2 Nd6 31. Qd3 g6 32. h4 h5 33. Ne3 Rh8 34. Qb3 Rd8 35. Kg2 Kg7 36. Re1 Kf7 37. Qd3 Rh8 38. Qe2 Rhe8 39. Qd3 Rh8 40. b3 Rg8 41. Rec1 Rge8 42. Nd1 Rc8 43. Rxc8 Nxc8 44. Qc3 Na7 45. Qd3 Qe8 46. Nc3 Rc7 47. Re1 Qc8 48. Na4 Rb7 49. Qe2 Qd7 50. Nc3 Nc8 51. Qd3 Nd6 52. Qe2 Rc7 53. Qd3 Qc8 54. Na4 1/2-1/2

[Event "Fuerteventura-ch"]
[Site "Puerto del Rosario"]
[Date "2023.03.25"]
[Round "1.1"]
[White "Perez Perez, Alejandro"]
[Black "Akeva Davila, Tom"]
[Result "1-0"]
[WhiteElo "1989"]
[BlackElo "1412"]
[PlyCount "59"]
[EventDate "2023.03.25"]
[EventType "swiss"]
[EventRounds "7"]
[EventCountry "ESP"]
[SourceTitle "EXT 2024"]
[Source "ChessBase"]
[SourceDate "2023.10.10"]
[SourceVersion "1"]
[SourceVersionDate "2023.10.10"]
[SourceQuality "1"]

1. d4 g6 2. e4 d6 3. Nc3 Bg7 4. Be3 Nf6 5. f3 0-0 6. Qd2 Nbd7 7. 0-0-0 e5 8. d5 a5 9. h4 Nh5 10. Nge2 Nb6 11. Qd3 f5 12. exf5 Bxf5 13. Ne4 Bd7 14. g4 Nf6 15. Bg5 Qe8 16. N2c3 Na4 17. Nxa4 Bxa4 18. h5 Nxe4 19. Qxe4 h6 20. Be3 Rf6 21. hxg6 Bd7 22. Bd3 Qf8 23. Rdf1 Be8 24. g5 Bxg6 25. gxf6 Bxe4 26. fxg7 Qf5 27. fxe4 Qg6 28. Bxh6 Qxh6+ 29. Rxh6 Kxg7 30. Rh2 1-0

[Event "Fuerteventura-chT"]
[Site "Fuerteventura"]
[Date "2023.02.18"]
[Round "6.1"]
[White "Perez Perez, Alejandro"]
[Black "De Vera Hormiga, Damian Jose"]
[Result "1/2-1/2"]
[WhiteElo "1975"]
[BlackElo "1438"]
[PlyCount "48"]
[EventDate "2023.01.15"]
[EventType "team-tourn"]
[EventRounds "7"]
[EventCountry "ESP"]
[SourceTitle "EXT 2024"]
[Source "ChessBase"]
[SourceDate "2023.10.10"]
[SourceVersion "1"]
[SourceVersionDate "2023.10.10"]
[SourceQuality "1"]
[WhiteTeam "Herbania"]
[BlackTeam "Dragones II"]
[WhiteTeamCountry "ESP"]
[BlackTeamCountry "ESP"]

1. c4 c5 2. Nc3 Nc6 3. g3 Nf6 4. Bg2 g6 5. e3 e5 6. d3 Bg7 7. Nge2 0-0 8. 0-0 d6 9. b3 Bf5 10. Bb2 Qd7 11. Qd2 Bh3 12. e4 Bxg2 13. Kxg2 Nh5 14. Nd5 f5 15. f4 Nd4 16. Nxd4 exd4 17. exf5 Rxf5 18. g4 Rxd5 19. cxd5 Qxg4+ 20. Kh1 Bh6 21. Qd1 Ng3+ 22. hxg3 Qh3+ 23. Kg1 Qxg3+ 24. Kh1 Qh3+ 1/2-1/2

[Event "Fuerteventura-chT"]
[Site "Fuerteventura"]
[Date "2023.02.05"]
[Round "4.1"]
[White "Perez Perez, Alejandro"]
[Black "Segura Perez, Ivan"]
[Result "1-0"]
[WhiteElo "1975"]
[BlackElo "1768"]
[PlyCount "35"]
[EventDate "2023.01.15"]
[EventType "team-tourn"]
[EventRounds "7"]
[EventCountry "ESP"]
[SourceTitle "EXT 2024"]
[Source "ChessBase"]
[SourceDate "2023.10.10"]
[SourceVersion "1"]
[SourceVersionDate "2023.10.10"]
[SourceQuality "1"]
[WhiteTeam "Herbania"]
[BlackTeam "Capablanca"]
[WhiteTeamCountry "ESP"]
[BlackTeamCountry "ESP"]

1. d4 Nf6 2. Bf4 g6 3. Nc3 Bg7 4. e4 d6 5. Qd2 0-0 6. 0-0-0 a5 7. f3 c6 8. Bh6 b5 9. h4 a4 10. h5 Nbd7 11. hxg6 fxg6 12. Bxg7 Kxg7 13. Qh6+ Kg8 14. e5 Nh5 15. g4 b4 16. gxh5 bxc3 17. hxg6 cxb2+ 18. Kb1 1-0

[Event "Vecindario Montalvo Memorial 14th"]
[Site "Vecindario"]
[Date "2022.09.09"]
[Round "7"]
[White "Perez Perez, Alejandro"]
[Black "Almeida Cubas, Mirella"]
[Result "1-0"]
[WhiteElo "1980"]
[BlackElo "1704"]
[PlyCount "81"]
[EventDate "2022.09.04"]
[EventType "swiss"]
[EventRounds "9"]
[EventCountry "ESP"]
[SourceTitle "CBM 210 Extra"]
[Source "ChessBase"]
[SourceDate "2022.11.30"]
[SourceVersion "1"]
[SourceVersionDate "2022.11.30"]
[SourceQuality "1"]

1. d4 Nf6 2. Nf3 c5 3. d5 d6 4. Nc3 g6 5. e4 Bg7 6. Bb5+ Bd7 7. a4 0-0 8. 0-0 b6 9. h3 a6 10. Bc4 Bc8 11. Bf4 Nbd7 12. Qe2 Ne8 13. Rfe1 Nc7 14. e5 dxe5 15. Nxe5 Nxe5 16. Bxe5 Re8 17. Rad1 Bxe5 18. Qxe5 Qd6 19. Qe3 Bf5 20. Rd2 Rab8 21. g4 Bc8 22. Ne4 Qe5 23. f4 Qg7 24. Ng5 h6 25. d6 hxg5 26. dxc7 Ra8 27. Qe4 Ra7 28. Rd8 Rf8 29. Qxe7 Ra8 30. Rxf8+ Qxf8 31. Bxf7+ Qxf7 32. Qd8+ Qf8 33. Re8 Qxe8 34. Qxe8+ Kg7 35. Qc6 Ra7 36. Qxb6 Rb7 37. Qxc5 gxf4 38. Qe7+ Kh6 39. Qf8+ Kg5 40. Qxc8 Rxb2 41. Qd8+ 1-0

[Event "Llinars del Valles op"]
[Site "Llinars del Valles"]
[Date "2022.07.03"]
[Round "9"]
[White "Perez Perez, Alejandro"]
[Black "Sanchez Aguilar, Arnau"]
[Result "1/2-1/2"]
[WhiteElo "1824"]
[BlackElo "2034"]
[PlyCount "258"]
[EventDate "2022.06.25"]
[EventType "swiss"]
[EventRounds "9"]
[EventCountry "ESP"]
[SourceTitle "CBM 209 Extra"]
[Source "ChessBase"]
[SourceDate "2022.09.30"]
[SourceVersion "1"]
[SourceVersionDate "2022.09.30"]
[SourceQuality "1"]

1. f4 d5 2. Nf3 Nf6 3. g3 g6 4. Bg2 Bg7 5. d3 c5 6. 0-0 0-0 7. c3 Nc6 8. a4 Qd6 9. Na3 a6 10. Qe1 e5 11. e4 dxe4 12. dxe4 Be6 13. Qe2 Rfd8 14. fxe5 Nxe5 15. Nxe5 Qxe5 16. Bf4 Qh5 17. Qxh5 Nxh5 18. Bg5 Rd3 19. Rad1 Rxd1 20. Rxd1 Rb8 21. a5 Be5 22. Be7 Rc8 23. Bf3 Nf6 24. Bd6 Nd7 25. Bxe5 Nxe5 26. Be2 Nc6 27. Bc4 Bg4 28. Rf1 Rc7 29. Rf4 h5 30. Bd5 Nxa5 31. Rf6 Kg7 32. Rb6 Bd7 33. b4 cxb4 34. cxb4 Nc6 35. Nc4 Nd8 36. Ne5 Be6 37. Rd6 Rc8 38. Nd3 Kf8 39. Nc5 Ke7 40. Rb6 a5 41. Bxe6 fxe6 42. Nd3 axb4 43. Rxb4 Rc7 44. Nf4 Kf6 45. Rb6 Nc6 46. Kf2 Rd7 47. Ke3 Kf7 48. Rb5 Kf6 49. h4 Ne5 50. Rb4 Ng4+ 51. Ke2 Ne5 52. Rb6 Nc6 53. Ke3 Re7 54. Ke2 Kg7 55. Ke3 Kh6 56. Rb5 e5 57. Nd3 g5 58. hxg5+ Kxg5 59. Kf2 Kf6 60. Ke3 Kg5 61. Kf2 Kf6 62. Ke3 Nd8 63. Nc5 Kg5 64. Nd3 Kg4 65. Kf2 Nf7 66. Rb6 Ng5 67. Rg6 h4 68. gxh4 Kxh4 69. Ke3 Kh5 70. Rb6 Nf7 71. Rb5 Kg5 72. Kf3 Kf6 73. Rb6+ Kg7 74. Nc5 Nd8 75. Ke3 Kf7 76. Nd3 Re6 77. Rb5 Kf6 78. Nc5 Re7 79. Nd3 Re8 80. Nc5 Re7 81. Nd3 Nf7 82. Nc5 Rc7 83. Nxb7 Rc3+ 84. Kd2 Rc4 85. Ke3 Rc6 86. Nc5 Nd6 87. Nd7+ Ke7 88. Rxe5+ Kxd7 89. Rh5 Rc3+ 90. Kf4 Rc4 91. Re5 Nf7 92. Ra5 Ke6 93. Kf3 Rb4 94. Ke3 Nd6 95. Ra6 Rxe4+ 96. Kd3 Re5 97. Kd4 Rd5+ 98. Ke3 Ke5 99. Ra8 Rb5 100. Rh8 Rb3+ 101. Ke2 Ne4 102. Re8+ Kd5 103. Rd8+ Nd6 104. Rh8 Kd4 105. Rd8 Re3+ 106. Kf2 Re6 107. Kf3 Rf6+ 108. Ke2 Ke4 109. Ra8 Nb5 110. Re8+ Kd4 111. Rd8+ Nd6 112. Rd7 Ke4 113. Re7+ Kf4 114. Kd3 Rh6 115. Rd7 Rh1 116. Ke2 Nf5 117. Ra7 Ke4 118. Kd2 Rh3 119. Ra4+ Nd4 120. Ra8 Rd3+ 121. Kc1 Rc3+ 122. Kb2 Rb3+ 123. Ka2 Rb7 124. Re8+ Kd3 125. Rc8 Ne2 126. Ka3 Nc3 127. Rd8+ Kc2 128. Rd2+ Kb1 129. Rb2+ Rxb2 1/2-1/2

[Event "Canarias-chT Honor"]
[Site "Spain"]
[Date "2020.01.11"]
[Round "1.4"]
[White "Diaz Barrios, Jose Felipe"]
[Black "Perez Perez, Alejandro"]
[Result "0-1"]
[WhiteElo "1665"]
[BlackElo "1362"]
[PlyCount "120"]
[EventDate "2020.01.11"]
[EventType "team-tourn"]
[EventRounds "9"]
[EventCountry "ESP"]
[SourceTitle "CBM 195 Extra"]
[Source "ChessBase"]
[SourceDate "2020.05.31"]
[SourceVersion "1"]
[SourceVersionDate "2020.05.31"]
[SourceQuality "1"]
[WhiteTeam "Roque Niquiomo"]
[BlackTeam "Herbania"]
[WhiteTeamCountry "ESP"]
[BlackTeamCountry "ESP"]

1. d4 f5 2. Nc3 Nf6 3. Bf4 e6 4. e3 b6 5. Bc4 Bb4 6. Nge2 Bb7 7. 0-0 d5 8. Bd3 Bd6 9. Nb5 Bxf4 10. Nxf4 Qe7 11. c4 0-0 12. Rc1 a6 13. Nc3 Kh8 14. cxd5 Nxd5 15. Ncxd5 exd5 16. Qh5 Qf7 17. Qxf7 Rxf7 18. Ne6 Nc6 19. Nf4 Rd8 20. a3 g6 21. Rc2 Nb8 22. Rfc1 c6 23. Ne6 Rc8 24. Nf4 Rff8 25. Ne6 Rfe8 26. Ng5 Kg8 27. Nf3 Nd7 28. b4 Ra8 29. Rc3 a5 30. b5 c5 31. dxc5 bxc5 32. a4 c4 33. Bf1 Nb6 34. Ra1 Kf7 35. g3 Re7 36. Bg2 Ke6 37. Nd4+ Kd6 38. Kf1 Rf8 39. Ra2 g5 40. Bh3 g4 41. Bg2 h5 42. Kg1 h4 43. Bh1 Nd7 44. Raa3 Kc5 45. Nc6 Bxc6 46. bxc6 Nb6 47. Bg2 h3 48. Bf1 Kxc6 49. Bd3 Kd6 50. Bc2 f4 51. gxf4 Rxf4 52. Ra1 Rf6 53. Rb1 Kc6 54. Bd1 d4 55. Rcc1 d3 56. Rb5 Ref7 57. Bxg4 Rg6 58. Rxb6+ Kxb6 59. Rxc4 d2 60. Kf1 Rxg4 0-1